00677cam a22001931 4500001001300000003000400013005001700017008004100034010001700075035002000092040001800112042001200130050002300142100002600165245022900191260002800420300001800448999001700466sa 64007487 DLC20260227112047.0890913s1963 io 000 0 ind  asa 64007487  a(OCoLC)23536749 aDLCcMiUdDLC apremarc00aDS644.2 1963b.S930 aSoekarno,d1901-1970.10aDjalankan pantja-program front nasional!bAmanat Sockarno pada pembukaan sidang bersama pengurus besar dengan pengurus dacrah front nasional seluruh Indonesia, tanggal 13 Pebruari 1963, di Istana Olahraga, Senajan, Djakarta. aMedan,bHarrisc[1963?] a32 p.c22 cm. c60286d60286